| 000 | 01118nam a2200337 c 4500 | ||
|---|---|---|---|
| 001 | 58726 | ||
| 003 | CO-BoRNBP | ||
| 005 | 20250827204134.0 | ||
| 007 | ta | ||
| 008 | 231204s2023 ck a|||br6||| 00| ||spa d | ||
| 020 | _a9786289604030 | ||
| 040 |
_aCO-BoRNBP _bspa _erda _cCO-BoRNBP |
||
| 041 | 0 | _aspa | |
| 043 | _0a f------ | ||
| 084 | _aC | ||
| 100 |
_aOfogo, Boniface, _d1966- _eaut |
||
| 245 | 1 | 0 |
_aA paso de tortuga / _cBoniface Ofogo ; ilustraciones de Rebeca Luciani. |
| 250 | _aEdición especial | ||
| 264 | 1 |
_aBogotá, Colombia : _bCiceron Editores, _c2023 |
|
| 300 |
_a33 páginas : _bilustraciones a color |
||
| 336 |
_atexto _btxt _2rdacontent |
||
| 337 |
_asin mediación _bn _2rdamedia |
||
| 338 |
_avolumen _bnc _2rdacarrier |
||
| 521 | _aRecomendado para un público infantil a partir de los 6 años | ||
| 650 | 0 | 7 |
_aAnimales en la literatura _2LEMB _9853 |
| 650 | 0 | 4 |
_aCuentos infantiles africanos _ySiglo XXI _2LEMB |
| 650 | 0 | 4 |
_aLiteratura infantil africana _ySiglo XXI _2LEMB |
| 650 | 0 | 7 |
_aSabiduría en la literatura _2lemb _958329 |
| 700 |
_aLuciani, Rebeca _eill _9954 |
||
| 942 |
_2loc _cBKLITI |
||
| 999 |
_c58726 _d58726 |
||